Jonáš Záborský (Na 170. výročie narodenia)

Podrobná bibliografia
Hlavný autor: Gašparík, Mikuláš, 1916-2003 (Autor)
Médium: Článok
Jazyk:slovenčina
Predmet:

MARC

LEADER 00000nab a2200000 a 4500
001 vtls000157988
003 SK-MaSNL
005 20260304070228.0
008 250423c1982 xo 0 slo
015 |a SNBRB19rr/mm-uuuuu 
035 |a CL0168097 
035 |a urn:nbn:sk:snk-ab43l 
035 |a (urnnbn)urn:nbn:sk:snk:ar-a04xpg 
035 |a (uuid)0448bbfa-1913-4333-9fbf-c905506e5477 
040 |a SNKBUCL  |b slo  |c SNKBUCL  |e AACR2 
041 0 |a slo 
044 |a xo  |c SK 
080 |a 82:929:885.4  |2 1981 
080 |a 885.4:929  |2 1981 
080 |a 929 Záborský, Jonáš  |2 1981 
100 1 |a Gašparík, Mikuláš,  |d 1916-2003  |4 aut  |9 105439 
245 1 0 |a Jonáš Záborský  |b (Na 170. výročie narodenia)  |c Mikuláš Gašparík 
600 1 7 |a Záborský, Jonáš,  |d 1812-1876  |2 snkbucl  |9 104959 
655 7 |a články z novín a časopisov  |2 snkbucl  |9 267496 
655 7 |a články z odboru literárna veda a krásna literatúra  |2 snkbucl  |9 770045 
773 0 |t Slovenský jazyk a literatúra v škole  |g Roč. 28, č. 6 (1981/1982), s. 183-184 
850 |a Slovenská národná knižnica 
852 |a Slovenská národná knižnica 
954 |a odborná, vedecká literatúra pôvodná (slovenská)  |2 lita 
958 |a article27 
958 |a BX 
958 |a RK 
958 |a LX 
958 |a OND 
958 |a EUIPO 
992 |a RBX 
999 |c 2754702  |d 2756632